Fishes, amphibians and reptiles. Clicking 2 - Statistics

General Stats
  • This quiz has been taken 12 times
  • The average score is 26 of 52
Answer Stats
Hint Answer % Correct
Anguilla anguilla
80%
Anguis fragilis
60%
Bufo bufo
60%
Carassius carassius
60%
Clupea harengus membras
60%
Clupea sprattus
60%
Coregonus albula
60%
Coregonus lavaretus
60%
Esox lucius
60%
Lampetra fluviatilis
60%
Lampetra planeri
60%
Lissotriton vulgaris
60%
Natrix natrix
60%
Onchorhynchus mykiss
60%
Rana arvalis
60%
Rana temporaria
60%
Salmo salar
60%
Salmo trutta
60%
Salvelinus alpinus
60%
Salvelinus fontinalis
60%
Salvelinus namaycush
60%
Sander lucioperca
60%
Vipera berus
60%
Zootoca vivipara
60%
Abramis bjoerkna
40%
Abramis brama
40%
Alburnus alburnus
40%
Ammodytes tobianus
40%
Barbatula barbatula
40%
Cottus gobio
40%
Cottus poecilopus
40%
Gadus morhua
40%
Gasterosteus aculeatus
40%
Gymnocephalus cernuus
40%
Leuciscus idus
40%
Leuciscus leuciscus
40%
Lota lota
40%
Myoxocephalus quadricornis
40%
Myoxocephalus scorpius
40%
Nerophis ophidion
40%
Osmerus eperlanus
40%
Perca fluviatilis
40%
Phoxinus phoxinus
40%
Platichthys flesus
40%
Pomatoschistus minutus
40%
Pungitius pungitius
40%
Rutilus rutilus
40%
Scardinius erythrophthalmus
40%
Scophthalmus maximus
40%
Thymallus thymallus
40%
Tinca tinca
40%
Zoarces viviparus
40%
No matching quizzes found
Score Distribution
Percent of People with Each Score
Percentile by Number Answered
Your Score History
You have not taken this quiz